[Event "GER-ch52 V04 email"]
[Site "GER email"]
[Date "2020.04.16"]
[Round "?"]
[White "Lukas, Norbert"]
[Black "Koentges, Markus"]
[Result "1/2-1/2"]
[WhiteElo "2373"]
[BlackElo "2384"]
[PlyCount "43"]
[EventDate "2020.??.??"]
[EventType "tourn (corr)"]
[EventRounds "10"]
[EventCountry "GER"]
[SourceTitle "Corr 2022"]
[Source "ChessBase"]
[SourceDate "2021.10.24"]
[SourceVersion "1"]
[SourceVersionDate "2021.10.24"]
[SourceQuality "1"]

1. e4 e5 2. Nf3 Nc6 3. Bc4 Bc5 4. 0-0 Nf6 5. d3 d6 6. c3 a6 7. Bb3 h6 8. Nbd2 Ba7 9. Re1 0-0 10. h3 Re8 11. Nf1 Be6 12. Ng3 Bxb3 13. Qxb3 Rb8 14. Nf5 d5 15. Qc2 Qd7 16. Be3 Bxe3 17. Nxe3 Rbd8 18. Rad1 a5 19. a3 Qe6 20. exd5 Nxd5 21. Nxd5 Qxd5 22. Re3 1/2-1/2

[Event "GER-ch52 V04 email"]
[Site "GER email"]
[Date "2020.04.16"]
[Round "?"]
[White "Maetzig, Ralf"]
[Black "Koentges, Markus"]
[Result "1/2-1/2"]
[WhiteElo "2340"]
[BlackElo "2384"]
[PlyCount "72"]
[EventDate "2020.??.??"]
[EventType "tourn (corr)"]
[EventRounds "10"]
[EventCountry "GER"]
[SourceTitle "Corr 2022"]
[Source "ChessBase"]
[SourceDate "2021.10.24"]
[SourceVersion "1"]
[SourceVersionDate "2021.10.24"]
[SourceQuality "1"]

1. d4 d5 2. c4 c6 3. Nf3 Nf6 4. Nc3 e6 5. Bg5 h6 6. Bh4 dxc4 7. e4 g5 8. Bg3 b5 9. Be2 Bb7 10. Qc2 Nh5 11. Rd1 Bg7 12. e5 0-0 13. h4 Nxg3 14. fxg3 gxh4 15. Rxh4 Nd7 16. Ne4 Qe7 17. Nd6 Rab8 18. Qe4 f5 19. Qe3 c5 20. dxc5 Bxf3 21. gxf3 Nxe5 22. f4 Nc6 23. Kf1 Nb4 24. Rh2 Kh7 25. Bf3 Rbd8 26. a3 Nd3 27. b3 Nb2 28. Rb1 c3 29. Re1 Rxd6 30. cxd6 Qxd6 31. Bh5 Rc8 32. Bf7 e5 33. fxe5 Qd3+ 34. Rhe2 c2 35. Rc1 Qd1+ 36. Re1 Qd3+ 1/2-1/2

[Event "GER-ch Net Amateur Gr-B Vor2"]
[Site "Playchess.com INT"]
[Date "2020.04.15"]
[Round "1"]
[White "Becker, Linda"]
[Black "Koentges, Markus"]
[Result "1-0"]
[WhiteElo "1585"]
[BlackElo "1754"]
[PlyCount "91"]
[EventDate "2020.04.15"]
[EventType "swiss (blitz)"]
[EventRounds "9"]
[EventCountry "GER"]
[SourceTitle "CBM 196 Extra"]
[Source "ChessBase"]
[SourceDate "2020.07.31"]
[SourceVersion "1"]
[SourceVersionDate "2020.07.31"]
[SourceQuality "1"]

1. e4 e5 2. Nf3 Nc6 3. d4 exd4 4. Bc4 Nf6 5. e5 d5 6. Bb5 Ne4 7. Nxd4 Bd7 8. Bxc6 bxc6 9. 0-0 Bc5 10. Be3 Bb6 11. a4 c5 12. Nb3 d4 13. Bf4 a5 14. Qf3 Ng5 15. Qg3 Ne6 16. N1d2 0-0 17. Bh6 Kh8 18. Bf4 Bc6 19. Rfe1 Bd5 20. Ne4 c4 21. Nbd2 Qe7 22. b3 cxb3 23. cxb3 c5 24. Rac1 Rac8 25. Nd6 Rc6 26. N2c4 Bxc4 27. Nxc4 Bc7 28. Bd2 f6 29. f4 fxe5 30. fxe5 Qd8 31. Rf1 d3 32. Rxf8+ Nxf8 33. Rf1 Ng6 34. Qf3 h6 35. Qxc6 Qd4+ 36. Kh1 Bxe5 37. Qe8+ Kh7 38. Nxe5 Nxe5 39. h3 c4 40. bxc4 Nxc4 41. Bc1 d2 42. Bxd2 Nxd2 43. Rd1 Qf2 44. Qb5 Ne4 45. Qb1 g6 46. Qxe4 1-0

[Event "GER-ch Net Amateur Gr-B Vor1"]
[Site "Playchess.com INT"]
[Date "2020.04.14"]
[Round "1"]
[White "Bohner, Joerg"]
[Black "Koentges, Markus"]
[Result "0-1"]
[WhiteElo "1606"]
[BlackElo "1738"]
[PlyCount "46"]
[EventDate "2020.04.14"]
[EventType "swiss (blitz)"]
[EventRounds "9"]
[EventCountry "GER"]
[SourceTitle "EXT 2021"]
[Source "ChessBase"]
[SourceDate "2020.10.23"]
[SourceVersion "1"]
[SourceVersionDate "2020.10.23"]
[SourceQuality "1"]

1. d4 Nf6 2. Nc3 d5 3. e4 dxe4 4. f3 exf3 5. Nxf3 Bg4 6. h3 Bh5 7. g4 Bg6 8. Ne5 e6 9. h4 Be4 10. Nxe4 Nxe4 11. Qf3 Nd6 12. Bb5+ c6 13. Bd3 Nd7 14. 0-0 f6 15. Bg5 fxg5 16. Nf7 Qb6 17. Nxd6+ Bxd6 18. Qf7+ Kd8 19. Qxe6 Qxd4+ 20. Kg2 Qe5 21. Qxe5 Nxe5 22. Rae1 Kc7 23. Bf5 gxh4 0-1

[Event "GER-ch Net Amateur Gr-B Vor1"]
[Site "Playchess.com INT"]
[Date "2020.04.14"]
[Round "3"]
[White "Koentges, Markus"]
[Black "Sossna, Gerald"]
[Result "1-0"]
[WhiteElo "1726"]
[BlackElo "1615"]
[PlyCount "137"]
[EventDate "2020.04.14"]
[EventType "swiss (blitz)"]
[EventRounds "9"]
[EventCountry "GER"]
[SourceTitle "EXT 2021"]
[Source "ChessBase"]
[SourceDate "2020.10.23"]
[SourceVersion "1"]
[SourceVersionDate "2020.10.23"]
[SourceQuality "1"]

1. e4 e5 2. Nf3 Nc6 3. Bc4 Be7 4. d3 Nf6 5. c3 d6 6. Bb3 Na5 7. Bc2 c5 8. 0-0 0-0 9. Nbd2 h6 10. Re1 Bd7 11. Nf1 b6 12. Ng3 Nc6 13. h3 Rc8 14. Nh2 Re8 15. Qf3 Bf8 16. Ng4 Nxg4 17. hxg4 Ne7 18. Nf5 Nxf5 19. gxf5 Bc6 20. Qg3 Qf6 21. f4 exf4 22. Bxf4 d5 23. Rac1 dxe4 24. dxe4 Rcd8 25. e5 Qe7 26. Bxh6 Rd5 27. Bf4 c4 28. f6 Qc5+ 29. Be3 Qb5 30. fxg7 Bxg7 31. Bh6 Kf8 32. Qxg7+ Ke7 33. Bg5+ Kd7 34. Qxf7+ Kc8 35. Bf5+ Kb8 36. Bf4 Qc5+ 37. Be3 Qe7 38. Qxe7 Rxe7 39. Bf4 Kb7 40. Be4 Rd8 41. Bxc6+ Kxc6 42. Rcd1 Rxd1 43. Rxd1 Rf7 44. g3 b5 45. Kf2 a5 46. Ke3 b4 47. Ke4 bxc3 48. bxc3 a4 49. e6 Re7 50. Ke5 a3 51. Kf6 Re8 52. e7 Rh8 53. Bh6 Rxh6+ 54. Kf7 Rh7+ 55. Ke6 Rh6+ 56. Kf5 Rh5+ 57. Kg6 Re5 58. Kf6 Re3 59. Rd8 Rf3+ 60. Kg5 Rxg3+ 61. Kf4 Rg1 62. e8Q+ Kc5 63. Rc8+ Kb6 64. Qd8+ Kb5 65. Qd5+ Kb6 66. Rb8+ Kc7 67. Qd8+ Kc6 68. Rb6+ Kc5 69. Qd6# 1-0

[Event "GER-ch Net Amateur Gr-B Vor1"]
[Site "Playchess.com INT"]
[Date "2020.04.14"]
[Round "4"]
[White "Metzdorf, Matteo"]
[Black "Koentges, Markus"]
[Result "1-0"]
[WhiteElo "1766"]
[BlackElo "1738"]
[PlyCount "85"]
[EventDate "2020.04.14"]
[EventType "swiss (blitz)"]
[EventRounds "9"]
[EventCountry "GER"]
[SourceTitle "EXT 2021"]
[Source "ChessBase"]
[SourceDate "2020.10.23"]
[SourceVersion "1"]
[SourceVersionDate "2020.10.23"]
[SourceQuality "1"]

1. e4 e5 2. Nf3 Nc6 3. Bb5 a6 4. Ba4 Nf6 5. d3 Bc5 6. 0-0 d6 7. c3 b5 8. Bc2 h6 9. Nbd2 0-0 10. Re1 Ne7 11. Nf1 Ng6 12. Ng3 Bb6 13. h3 Be6 14. d4 Qd7 15. d5 Bxh3 16. gxh3 Qxh3 17. Be3 Ng4 18. Bxb6 cxb6 19. Qe2 Nf4 20. Qf1 Rac8 21. Rad1 h5 22. Qxh3 Nxh3+ 23. Kg2 Nhxf2 24. Rd2 h4 25. Nxh4 b4 26. Rxf2 Nxf2 27. Kxf2 bxc3 28. b4 g6 29. Re3 Rc4 30. a3 Rfc8 31. Ne2 a5 32. bxa5 bxa5 33. Nf3 R4c7 34. Ne1 Kg7 35. Nd3 f5 36. exf5 gxf5 37. Rg3+ Kf6 38. Ndc1 f4 39. Rh3 Kg5 40. Na2 Rb7 41. Naxc3 Rb2 42. Ba4 Kg4 43. Bd7+ 1-0

[Event "GER-ch Net Amateur Gr-B Vor1"]
[Site "Playchess.com INT"]
[Date "2020.04.14"]
[Round "5"]
[White "Ploder, Udo"]
[Black "Koentges, Markus"]
[Result "0-1"]
[WhiteElo "1602"]
[BlackElo "1722"]
[PlyCount "72"]
[EventDate "2020.04.14"]
[EventType "swiss (blitz)"]
[EventRounds "9"]
[EventCountry "GER"]
[SourceTitle "EXT 2021"]
[Source "ChessBase"]
[SourceDate "2020.10.23"]
[SourceVersion "1"]
[SourceVersionDate "2020.10.23"]
[SourceQuality "1"]

1. e4 e5 2. f4 exf4 3. Nf3 g5 4. Nc3 Bg7 5. Bc4 h6 6. 0-0 d6 7. g3 Bh3 8. Re1 fxg3 9. d4 Bg4 10. Be3 Ne7 11. Be2 Bxf3 12. Bxf3 gxh2+ 13. Kh1 Nbc6 14. Qd2 Qd7 15. Re2 0-0-0 16. b4 g4 17. b5 gxf3 18. bxc6 Qxc6 19. Rxh2 Ng6 20. Rb1 f2 21. Bxf2 f5 22. Nb5 Kb8 23. d5 Qa6 24. Nxa7 fxe4 25. Nc6+ Kc8 26. Nxd8 Kxd8 27. Rg2 Qxa2 28. Rbg1 Ne5 29. Rxg7 Nf3 30. Qf4 Qxd5 31. Qf6+ Kc8 32. Qe7 Qc6 33. R1g6 e3 34. Bg3 Kb8 35. Rxd6 cxd6 36. Bxd6+ Ka7 0-1

[Event "GER-ch Net blitz qual4"]
[Site "Playchess.com INT"]
[Date "2020.03.23"]
[Round "8"]
[White "Jeschke, Jan"]
[Black "Koentges, Markus"]
[Result "1-0"]
[WhiteElo "2043"]
[BlackElo "1718"]
[PlyCount "41"]
[EventDate "2020.03.23"]
[EventType "swiss (blitz)"]
[EventRounds "9"]
[EventCountry "GER"]
[SourceTitle "CBM 195 Extra"]
[Source "ChessBase"]
[SourceDate "2020.05.31"]
[SourceVersion "1"]
[SourceVersionDate "2020.05.31"]
[SourceQuality "1"]

1. e4 e5 2. Nf3 Nc6 3. d4 exd4 4. Nxd4 Nf6 5. Nxc6 bxc6 6. e5 Qe7 7. Qe2 Nd5 8. h4 h5 9. c4 Ba6 10. Bg5 Qe6 11. cxd5 Bxe2 12. dxe6 Bxf1 13. Kxf1 fxe6 14. Nc3 Bb4 15. Ne4 0-0 16. Rd1 Rf5 17. Rxd7 Rxe5 18. Rxg7+ Kf8 19. Bh6 Ke8 20. f3 Rd8 21. Nf6+ 1-0

[Event "GER-ch49 final email"]
[Site "GER email"]
[Date "2019.02.19"]
[Round "?"]
[White "Baer, Lutz"]
[Black "Koentges, Markus"]
[Result "1-0"]
[WhiteElo "2430"]
[BlackElo "2394"]
[PlyCount "85"]
[EventDate "2019.??.??"]
[EventType "tourn (corr)"]
[EventRounds "14"]
[EventCountry "GER"]
[SourceTitle "Corr 2020"]
[Source "ChessBase"]
[SourceDate "2019.09.30"]
[SourceVersion "1"]
[SourceVersionDate "2019.09.30"]
[SourceQuality "1"]

1. d4 Nf6 2. c4 e6 3. g3 d5 4. Nf3 Bb4+ 5. Bd2 Be7 6. Bg2 c6 7. Qc2 b6 8. 0-0 0-0 9. Rd1 Bb7 10. Nc3 Nbd7 11. b3 Re8 12. Bf4 c5 13. Nb5 cxd4 14. Nc7 Rc8 15. Nxe8 Qxe8 16. Ne5 Ba8 17. Rac1 Ba3 18. Rb1 Be7 19. Qd2 dxc4 20. Bxa8 Nxe5 21. Bxe5 c3 22. Qc2 Rxa8 23. Rxd4 Nd7 24. Bd6 Bf6 25. Rc4 b5 26. Rc7 Nb6 27. e4 Rd8 28. Rd1 Nd5 29. exd5 Rxd6 30. dxe6 Rxe6 31. Rdd7 b4 32. Qd3 Qa8 33. Qf3 Re1+ 34. Kg2 Qxf3+ 35. Kxf3 Kf8 36. Rd5 g5 37. Rb5 Be7 38. Ra5 Bd8 39. Rc8 Kg7 40. Rxd8 c2 41. Rc8 c1Q 42. Rxc1 Rxc1 43. Rxg5+ 1-0

[Event "GER-ch49 final email"]
[Site "GER email"]
[Date "2019.02.19"]
[Round "?"]
[White "Kraft, Dieter"]
[Black "Koentges, Markus"]
[Result "1/2-1/2"]
[WhiteElo "2484"]
[BlackElo "2394"]
[PlyCount "78"]
[EventDate "2019.??.??"]
[EventType "tourn (corr)"]
[EventRounds "14"]
[EventCountry "GER"]
[SourceTitle "Corr 2022"]
[Source "ChessBase"]
[SourceDate "2021.10.24"]
[SourceVersion "1"]
[SourceVersionDate "2021.10.24"]
[SourceQuality "1"]

1. d4 Nf6 2. c4 e6 3. Nf3 b6 4. g3 Ba6 5. b3 Bb4+ 6. Bd2 Be7 7. Bg2 0-0 8. 0-0 d5 9. Ne5 Bb7 10. Nc3 Na6 11. cxd5 exd5 12. Rc1 c6 13. e4 Nc7 14. Bg5 h6 15. Bxf6 Bxf6 16. exd5 cxd5 17. h4 Qd6 18. f4 Rac8 19. Kh2 Ne6 20. Qd3 a6 21. a4 Rc7 22. Ne2 Rxc1 23. Rxc1 Rc8 24. Rf1 Nd8 25. Nc3 Ne6 26. Rf2 Rc7 27. Re2 Re7 28. Rd2 Rc7 29. h5 Rc8 30. Bh3 Rd8 31. Nf3 Bc6 32. Nd1 b5 33. a5 Be8 34. Ne3 Qb4 35. Ng4 Qxa5 36. Nxf6+ gxf6 37. Bxe6 fxe6 38. Re2 Qb6 39. f5 e5 1/2-1/2

[Event "GER-ch49 final email"]
[Site "GER email"]
[Date "2019.02.19"]
[Round "?"]
[White "Mehlhorn, Uwe"]
[Black "Koentges, Markus"]
[Result "1/2-1/2"]
[WhiteElo "2368"]
[BlackElo "2394"]
[PlyCount "41"]
[EventDate "2019.??.??"]
[EventType "tourn (corr)"]
[EventRounds "14"]
[EventCountry "GER"]
[SourceTitle "Corr 2020"]
[Source "ChessBase"]
[SourceDate "2019.09.30"]
[SourceVersion "1"]
[SourceVersionDate "2019.09.30"]
[SourceQuality "1"]

1. d4 Nf6 2. c4 e6 3. Nc3 Bb4 4. Qc2 0-0 5. a3 Bxc3+ 6. Qxc3 b6 7. Bg5 Bb7 8. f3 h6 9. Bh4 d5 10. e3 c5 11. dxc5 Nbd7 12. cxd5 g5 13. dxe6 Nd5 14. Qc2 Nxe3 15. exf7+ Rxf7 16. Qg6+ Rg7 17. Qe6+ Kh8 18. Qxh6+ Rh7 19. Qxg5 Nc2+ 20. Kf2 Qxg5 21. Bxg5 1/2-1/2

[Event "GER-ch48 final email"]
[Site "GER email"]
[Date "2018.09.24"]
[Round "?"]
[White "Hanel, Roland"]
[Black "Koentges, Markus"]
[Result "1-0"]
[WhiteElo "2348"]
[BlackElo "2390"]
[PlyCount "109"]
[EventDate "2018.??.??"]
[EventType "tourn (corr)"]
[EventRounds "14"]
[EventCountry "GER"]
[SourceTitle "Corr 2022"]
[Source "ChessBase"]
[SourceDate "2021.10.24"]
[SourceVersion "1"]
[SourceVersionDate "2021.10.24"]
[SourceQuality "1"]

1. e4 e5 2. Nf3 Nc6 3. Bb5 a6 4. Ba4 Nf6 5. 0-0 Be7 6. Qe2 b5 7. Bb3 0-0 8. a4 b4 9. d3 Na5 10. Nxe5 Nxb3 11. cxb3 Bb7 12. Bg5 Re8 13. Nf3 c5 14. Re1 h6 15. Bxf6 Bxf6 16. Qc2 Re6 17. Nbd2 Rc8 18. Nf1 g6 19. Re2 d5 20. Rae1 Bg7 21. e5 d4 22. N1d2 Rc7 23. Qd1 Bd5 24. h3 h5 25. h4 Bh6 26. Ne4 Kg7 27. Neg5 Re8 28. Qc1 Bxb3 29. Qf4 Be6 30. Nd2 Bg4 31. f3 Bf5 32. Nde4 Rf8 33. Rc2 Bxe4 34. Rxe4 Kg8 35. b3 Qd7 36. Qf6 Bxg5 37. hxg5 Rc6 38. e6 Rxe6 39. Rxe6 Qxe6 40. Qxe6 fxe6 41. Rxc5 Rf5 42. Rc6 a5 43. Rxe6 Rxg5 44. Rd6 Kf7 45. Rxd4 Rc5 46. Rc4 Rd5 47. d4 Ke8 48. Kf2 Kd7 49. Ke3 Rg5 50. Rc2 h4 51. g4 hxg3 52. Rg2 Ke6 53. Ke4 Rh5 54. Rxg3 Rh6 55. Rg5 1-0

[Event "GER-ch48 final email"]
[Site "GER email"]
[Date "2018.09.24"]
[Round "?"]
[White "Koentges, Markus"]
[Black "Baer, Lutz"]
[Result "1/2-1/2"]
[WhiteElo "2390"]
[BlackElo "2424"]
[PlyCount "53"]
[EventDate "2018.??.??"]
[EventType "tourn (corr)"]
[EventRounds "14"]
[EventCountry "GER"]
[SourceTitle "Corr 2022"]
[Source "ChessBase"]
[SourceDate "2021.10.24"]
[SourceVersion "1"]
[SourceVersionDate "2021.10.24"]
[SourceQuality "1"]

1. d4 d5 2. c4 c6 3. Nf3 Nf6 4. e3 e6 5. Nbd2 c5 6. b3 cxd4 7. exd4 b6 8. Bb2 Bb7 9. Rc1 Nbd7 10. g3 Rc8 11. Bg2 dxc4 12. bxc4 Be7 13. 0-0 0-0 14. Re1 Re8 15. Re2 Bf8 16. Qb3 Qc7 17. Bh3 Rcd8 18. Bg2 h6 19. Nf1 Bc6 20. Ne3 Qb8 21. a4 Rc8 22. Rce1 Bb7 23. Nd2 Red8 24. Bh3 Qc7 25. Bg2 Bxg2 26. Kxg2 Qc6+ 27. f3 1/2-1/2

[Event "GER-ch48 final email"]
[Site "GER email"]
[Date "2018.09.24"]
[Round "?"]
[White "Schaefer, Uwe"]
[Black "Koentges, Markus"]
[Result "1/2-1/2"]
[WhiteElo "2460"]
[BlackElo "2390"]
[PlyCount "58"]
[EventDate "2018.??.??"]
[EventType "tourn (corr)"]
[EventRounds "14"]
[EventCountry "GER"]
[SourceTitle "Corr 2020"]
[Source "ChessBase"]
[SourceDate "2019.09.30"]
[SourceVersion "1"]
[SourceVersionDate "2019.09.30"]
[SourceQuality "1"]

1. d4 Nf6 2. c4 e6 3. Nf3 d5 4. Nc3 a6 5. cxd5 exd5 6. Bg5 Be6 7. e3 Nbd7 8. Bd3 c6 9. h3 Bd6 10. Qd2 0-0 11. 0-0 Re8 12. Rfe1 h6 13. Bf4 Bf8 14. a3 b5 15. Qe2 c5 16. dxc5 Nxc5 17. Rad1 Nxd3 18. Qxd3 b4 19. axb4 Bxb4 20. Be5 a5 21. Re2 Bxc3 22. Bxc3 Ne4 23. Rc2 a4 24. Qd4 Nxc3 25. Rxc3 Qb8 26. Rc6 Re7 27. Ne1 Rc7 28. Rxc7 Qxc7 29. Nd3 Qc4 1/2-1/2

[Event "GER-ch48 final email"]
[Site "GER email"]
[Date "2018.09.24"]
[Round "?"]
[White "Scheiba, Manfred"]
[Black "Koentges, Markus"]
[Result "1-0"]
[WhiteElo "2420"]
[BlackElo "2390"]
[PlyCount "67"]
[EventDate "2018.??.??"]
[EventType "tourn (corr)"]
[EventRounds "14"]
[EventCountry "GER"]
[SourceTitle "Corr 2020"]
[Source "ChessBase"]
[SourceDate "2019.09.30"]
[SourceVersion "1"]
[SourceVersionDate "2019.09.30"]
[SourceQuality "1"]

1. e4 e6 2. d4 d5 3. Nc3 Bb4 4. e5 c5 5. a3 Bxc3+ 6. bxc3 Ne7 7. Qg4 Kf8 8. Bd2 b6 9. Bd3 h6 10. h4 Kg8 11. Nf3 cxd4 12. cxd4 Ba6 13. Bxa6 Nxa6 14. h5 Qd7 15. Qh3 Rc8 16. c3 Nb8 17. Nh4 Nbc6 18. 0-0 Nf5 19. Nf3 Na5 20. g4 Ne7 21. Nh4 Nc4 22. Bc1 f6 23. Ra2 fxe5 24. dxe5 Nxe5 25. f4 Nf7 26. f5 Nd6 27. Ng6 exf5 28. gxf5 Nxg6 29. hxg6 Ne4 30. Re2 Rxc3 31. Re3 Rc4 32. Bb2 h5 33. Rd1 Nf6 34. Qf3 1-0

[Event "GER-ch48 final email"]
[Site "GER email"]
[Date "2018.09.24"]
[Round "?"]
[White "Tauber, Hans"]
[Black "Koentges, Markus"]
[Result "1/2-1/2"]
[WhiteElo "2511"]
[BlackElo "2390"]
[PlyCount "56"]
[EventDate "2018.??.??"]
[EventType "tourn (corr)"]
[EventRounds "14"]
[EventCountry "GER"]
[SourceTitle "Corr 2020"]
[Source "ChessBase"]
[SourceDate "2019.09.30"]
[SourceVersion "1"]
[SourceVersionDate "2019.09.30"]
[SourceQuality "1"]

1. d4 Nf6 2. c4 e6 3. g3 d5 4. Bg2 Bb4+ 5. Bd2 Be7 6. Nf3 0-0 7. 0-0 c6 8. Qc2 b6 9. Rd1 Nbd7 10. b3 a5 11. Bc3 Ne4 12. Bb2 f5 13. Ne1 Bd6 14. Nd3 Ba6 15. Nc3 Qf6 16. f3 Nxc3 17. Bxc3 Qe7 18. Bb2 Rac8 19. e4 dxc4 20. bxc4 fxe4 21. fxe4 e5 22. Qb3 c5 23. dxe5 Nxe5 24. Nxe5 Bxe5 25. Bxe5 Qxe5 26. Rac1 Rcd8 27. Rd5 Rxd5 28. exd5 Qe2 1/2-1/2

[Event "GER-ch50 V05 email"]
[Site "GER email"]
[Date "2018.05.15"]
[Round "?"]
[White "Koentges, Markus"]
[Black "Boehnke, Hartmut"]
[Result "1-0"]
[WhiteElo "2390"]
[BlackElo "2335"]
[PlyCount "45"]
[EventDate "2018.??.??"]
[EventType "tourn (corr)"]
[EventRounds "10"]
[EventCountry "GER"]
[SourceTitle "Corr 2020"]
[Source "ChessBase"]
[SourceDate "2019.09.30"]
[SourceVersion "1"]
[SourceVersionDate "2019.09.30"]
[SourceQuality "1"]

1. e4 e5 2. Nf3 Nf6 3. Nxe5 d6 4. Nf3 Nxe4 5. Nc3 Nf6 6. d4 Be7 7. Bd3 0-0 8. h3 Re8 9. 0-0 Nbd7 10. Re1 Nf8 11. Bf4 Bd7 12. Bh2 c6 13. Ne4 Nxe4 14. Rxe4 c5 15. d5 b5 16. b3 Qc7 17. c4 Bf6 18. Rxe8 Rxe8 19. Rc1 b4 20. Qd2 Ng6 21. Re1 Rf8 22. Bxg6 hxg6 23. Qf4 1-0